[Event "Let's Play Chess!"]
[Site "http://www.queenalice.com/game.php?id=1565917"]
[Date "2019.3.30"]
[Round "-"]
[White "Kryptus"]
[Black "charles31"]
[Result "0-1"]
[WhiteElo "1155"]
[BlackElo "1722"]

1. e4 e5 2. Bc4 Nf6 3. Nc3 a6 4. a4 Bc5 5. Nf3 d6 6. d4 exd4 7. Nxd4 Bxd4 8.
Qxd4 Nc6 9. Qd3 Be6 10. Bg5 Ne5 11. Qg3 Nxc4 12. O-O h6 13. Qh4 Ne5 14. Rad1 Ng6
15. Qg3 hxg5 16. Rfe1 Nh5 17. Qe3 Qf6 18. g3 Ne5 19. f4 gxf4 20. gxf4 Qg6+ 21.
Kf2 Nc4 22. Qd3 Nxf4 23. Qf3 Rxh2+ 24. Kf1 Qg5 25. Re2 Rxe2 26. Nxe2 Nxe2 27.
Kxe2 Bg4 28. Rg1 Bxf3+ 29. Kxf3 Qxg1 30. Kf4 f6 31. Kf5 Ke7 32. b3 Ne3+ 33. Kf4
Qf2# 0-1

[Event "Challenge"]
[Site "http://www.queenalice.com/game.php?id=1566008"]
[Date "2019.3.30"]
[Round "-"]
[White "ivansm"]
[Black "Kryptus"]
[Result "1-0"]
[WhiteElo "1797"]
[BlackElo "1102"]

1. e4 Nf6 2. e5 Ne4 3. Qe2 d5 4. exd6 Bf5 5. dxe7 Qxe7 6. f3 Nc5 7. Qxe7+ Bxe7
8. d4 Ne6 9. c3 b6 10. Bb5+ c6 11. Ba4 O-O 12. Ne2 c5 13. Be3 Bg5 14. Bxg5 h6
15. Bh4 g5 16. Bf2 Rd8 17. dxc5 bxc5 18. O-O Na6 19. Bb5 Nac7 20. Bc6 Rab8 21.
b3 Rb6 22. Ba4 Rbd6 23. Na3 Bd3 24. Rfe1 Nf4 25. Nxf4 gxf4 26. Bxc5 Rd5 27. b4
a5 28. Bb3 Rg5 29. Be7 Ne6 30. Bxd8 Rd5 31. Bxd5 Nxd8 32. Re8+ Kg7 33. Rxd8 Kg6
34. Be4+ Bxe4 35. fxe4 axb4 36. cxb4 Kf6 37. Rf1 Ke5 38. Re8+ Kf6 39. Rxf4+ Kg7
40. Re7 Kf8 41. Rfxf7+ Kg8 42. h4 h5 43. e5 Kh8 44. Re8# 1-0

[Event "Challenge"]
[Site "http://www.queenalice.com/game.php?id=1566009"]
[Date "2019.3.30"]
[Round "-"]
[White "Kryptus"]
[Black "Eggchaser"]
[Result "1-0"]
[WhiteElo "1119"]
[BlackElo "1840"]

1. e4 c5 2. Bc4 e6 3. Nf3 a6 4. a4 Nc6 5. b3 d6 6. d4 cxd4 7. Nxd4 Bd7 8. Nc3
Nf6 9. Be3 Be7 10. h3 O-O 11. g4 Nxd4 12. Bxd4 Qc7 13. g5 Nxe4 14. Nxe4 d5 15.
Nf6+ gxf6 16. gxf6 1-0

[Event "Challenge"]
[Site "http://www.queenalice.com/game.php?id=1566010"]
[Date "2019.3.30"]
[Round "-"]
[White "Kryptus"]
[Black "Tassiac"]
[Result "0-1"]
[WhiteElo "1129"]
[BlackElo "1377"]

1. e4 c6 2. d4 d5 3. f3 Qb6 4. Ne2 e5 5. Nbc3 exd4 6. Nxd4 Bb4 7. a3 Bc5 8. Be3
Nd7 9. b4 Bf8 10. Na4 Qd8 11. h4 Ngf6 12. Bd3 Bd6 13. O-O O-O 14. f4 Nxe4 15.
Nc5 Ndxc5 16. f5 Nxd3 17. Qxd3 Qxh4 18. Nf3 Qg4 19. Ng5 Nxg5 20. f6 Nh3+ 21. Kh1
Qg3 22. Bg1 Nf2+ 23. Rxf2 Qh4+ 24. Qh3 Bxh3 25. gxh3 Qxh3+ 26. Bh2 Bxh2 27. Rxh2
Qf3+ 28. Kg1 Qxf6 29. Rf1 Qd4+ 30. Rff2 Rae8 31. Rh3 Re1+ 32. Kg2 Qe4+ 33. Kg3
Rg1+ 34. Kh2 Qh1# 0-1

[Event "Challenge"]
[Site "http://www.queenalice.com/game.php?id=1566364"]
[Date "2019.4.2"]
[Round "-"]
[White "Kryptus"]
[Black "chyco"]
[Result "1-0"]
[WhiteElo "1129"]
[BlackElo "1517"]

1. e4 e5 2. c3 Nf6 3. f3 a6 4. Bc4 b5 5. Bb3 c5 6. Bd5 Nxd5 7. exd5 d6 8. d4
cxd4 9. cxd4 f6 10. Ne2 Qd7 11. f4 e4 12. Nbc3 Qg4 13. Nxe4 Qxg2 14. N4g3 Qxd5
15. Be3 f5 16. Rc1 Nd7 17. Qd3 Nf6 18. Rc7 Qxa2 19. Qc3 Qe6 20. Qc6+ Bd7 21.
Qxa8+ Kf7 22. O-O Nd5 23. Rxd7+ Qxd7 24. Qxd5+ Kf6 25. Nh5+ Kg6 26. Neg3 Be7 27.
Nxf5 h6 28. Nxe7+ Qxe7 29. f5+ Kh7 30. f6 Qxe3+ 31. Kh1 Rf8 32. Qf5+ g6 33. Qd7+
Kg8 34. Qg7# 1-0

[Event "Let's Play Chess!"]
[Site "http://www.queenalice.com/game.php?id=1566763"]
[Date "2019.4.6"]
[Round "-"]
[White "igorjava"]
[Black "Kryptus"]
[Result "1-0"]
[WhiteElo "1935"]
[BlackElo "1159"]

1. e4 e5 2. f4 Nc6 3. Nf3 f6 4. f5 g6 5. Bc4 Bc5 6. c3 Nge7 7. fxg6 hxg6 8. d4
exd4 9. cxd4 Bb4+ 10. Nc3 d5 11. exd5 Nxd5 12. Bxd5 Qe7+ 13. Qe2 Bf5 14. Bxc6+
bxc6 15. Qxe7+ Kxe7 16. Bd2 Bd3 17. O-O-O Rhe8 18. Rhe1+ Kf7 19. Re3 Bc4 20.
Rxe8 Rxe8 21. b3 Ba3+ 22. Kc2 Rd8 23. bxc4 c5 24. dxc5 Bxc5 25. Bf4 Rc8 26. Nb5
a6 27. Nxc7 a5 28. Rd7+ Kg8 29. Kb3 Bb6 30. Nd5 Bc5 31. Nxf6+ Kh8 32. Rh7# 1-0

[Event "Challenge"]
[Site "http://www.queenalice.com/game.php?id=1566765"]
[Date "2019.4.6"]
[Round "-"]
[White "Kryptus"]
[Black "Eggchaser"]
[Result "0-1"]
[WhiteElo "1157"]
[BlackElo "1838"]

1. e4 d6 2. d4 Nf6 3. Nc3 g6 4. e5 dxe5 5. dxe5 Qxd1+ 6. Nxd1 Nd5 7. c4 Nb6 8.
Ne3 Bg7 9. Nf3 Nc6 10. Nd5 Nxd5 11. cxd5 Nxe5 12. Bb5+ c6 13. Ba4 Nxf3+ 14. gxf3
Bd7 15. Bf4 cxd5 16. Bxd7+ Kxd7 17. O-O b6 18. Rac1 Rac8 19. Rfd1 Rxc1 20. Rxc1
Rc8 21. Rxc8 Kxc8 22. Kf1 Bxb2 23. Ke2 e5 24. Bg3 f6 25. f4 exf4 26. Bxf4 Be5
27. Bxe5 fxe5 28. Ke3 Kd7 29. f4 exf4+ 30. Kxf4 h6 31. Ke5 Kc6 32. Kd4 Kd6 33.
Kc3 Kc5 34. a3 b5 35. Kb3 d4 36. a4 bxa4+ 37. Kxa4 d3 38. h4 d2 39. h5 d1=Q+ 40.
Ka5 Qa1# 0-1

[Event "Sem querosene"]
[Site "http://www.queenalice.com/game.php?id=1567360"]
[Date "2019.4.12"]
[Round "-"]
[White "zubarev"]
[Black "Kryptus"]
[Result "0-1"]
[WhiteElo "1710"]
[BlackElo "1153"]

1. a3 e5 2. e4 Bc5 3. Nc3 c6 4. d3 Nf6 5. Be3 b6 6. Nf3 d6 7. Be2 Bg4 8. Bxc5
bxc5 9. O-O Nh5 10. Ne1 Qg5 11. Bxg4 Nf4 12. Bc8 h5 13. Bb7 h4 14. Bxa8 h3 15.
Qf3 hxg2 16. Nxg2 Rh3 17. Kh1 Rxf3 0-1

[Event "Challenge"]
[Site "http://www.queenalice.com/game.php?id=1567674"]
[Date "2019.4.14"]
[Round "-"]
[White "Kryptus"]
[Black "charles31"]
[Result "1-0"]
[WhiteElo "1225"]
[BlackElo "1739"]

1. e4 e5 2. Bc4 Nf6 3. Nc3 Bc5 4. a3 a6 5. b4 Ba7 6. Qf3 d6 7. h3 Nc6 8. d3 Nd4
9. Qg3 Nxc2+ 10. Kf1 Nxa1 11. Nd5 O-O 12. Bg5 Kh8 13. Nf3 c6 14. Nc7 Qxc7 15.
Nh4 Nh5 16. Qf3 Nf4 17. Nf5 f6 18. Qg4 g6 19. Bh6 Rg8 20. Bxg8 Kxg8 21. g3 Nxd3
22. Qh4 gxf5 23. g4 fxg4 24. hxg4 Nxf2 25. Qxf6 Nxe4 26. Qf8# 1-0

[Event "Let's Play Chess!"]
[Site "http://www.queenalice.com/game.php?id=1567719"]
[Date "2019.4.15"]
[Round "-"]
[White "Kryptus"]
[Black "igorjava"]
[Result "0-1"]
[WhiteElo "1229"]
[BlackElo "1959"]

1. e4 c5 2. Bc4 e6 3. Nc3 a6 4. Nf3 b5 5. Bb3 c4 6. Bxc4 bxc4 7. b3 cxb3 8. axb3
Bc5 9. Ra5 Qxa5 10. Ne5 Bd4 11. Nc4 Qc5 12. Rf1 Nf6 13. h3 Bxc3 14. dxc3 d5 15.
Ba3 Qc6 16. Nd6+ Kd7 17. e5 Qxc3+ 18. Ke2 Qxe5+ 19. Kd2 Ne4+ 20. Kc1 Qa1# 0-1

[Event "Akiba Rubinstein"]
[Site "http://www.queenalice.com/game.php?id=1567723"]
[Date "2019.4.15"]
[Round "-"]
[White "zubarev"]
[Black "Kryptus"]
[Result "0-1"]
[WhiteElo "1609"]
[BlackElo "1199"]

1. a3 e5 2. e4 Bc5 3. Qe2 Nf6 4. Qa6 bxa6 5. Bb5 axb5 6. Ne2 Nxe4 7. Nbc3 d5 8.
O-O Bf5 9. Nxd5 O-O 10. Ndc3 Nxf2 11. Rxf2 Qh4 12. Ng3 Bxf2+ 13. Kxf2 Nc6 14.
Nxb5 e4 15. Nxc7 Qf4+ 16. Kg1 Rac8 17. Nd5 Qe5 18. Ne3 Bg6 19. Ng4 Qd4+ 20. Kh1
Rfe8 21. c3 Qd3 22. Nf2 Qc4 23. Rb1 Ne5 24. d4 exd3 25. Bd2 Qa2 26. Rd1 Qxb2 27.
h3 Nc4 28. Bg5 Qxf2 29. Rxd3 Bxd3 30. Bf4 Qxf4 31. Kg1 Qxg3 32. a4 Re1# 0-1

[Event "Leonardo Dornellas"]
[Site "http://www.queenalice.com/game.php?id=1568472"]
[Date "2019.4.22"]
[Round "-"]
[White "zubarev"]
[Black "Kryptus"]
[Result "1-0"]
[WhiteElo "1669"]
[BlackElo "1227"]

1. e4 e5 2. f4 d6 3. Nf3 Nf6 4. fxe5 dxe5 5. Nc3 Nc6 6. d3 Bg4 7. Be2 Bc5 8. Na4
Bb4+ 9. c3 Ba5 10. Nc5 O-O 11. Nxb7 Qb8 12. Nxa5 Nxa5 13. O-O Qb6+ 14. Kh1 Rad8
15. Nxe5 Nxe4 16. Nxg4 f5 17. Be3 Qg6 18. Nf2 Ng3+ 19. hxg3 Qxg3 20. Qd2 f4 21.
Bxa7 Rd5 22. Nh3 Rdf5 23. Rf3 Qh4 24. Bf2 Qh6 25. Kg1 Nc6 26. d4 g5 27. Rd3 g4
28. Bxg4 R5f6 29. Bd7 Ne7 30. Rf3 Ng6 31. a4 Nh4 32. Bxh4 Qxh4 33. a5 Rg6 34. a6
Rg3 35. Qe2 Rxh3 36. Rxh3 f3 37. Qe6+ Rf7 38. Qxf7+ Kxf7 39. Rxh4 Ke7 40. Rxh7+
Kd6 41. gxf3 1-0

[Event "Let's Play Chess!"]
[Site "http://www.queenalice.com/game.php?id=1847593"]
[Date "2024.11.22"]
[Round "-"]
[White "Charles56"]
[Black "Kryptus"]
[Result "0-1"]
[WhiteElo "1834"]
[BlackElo "1211"]

1. e4 e5 2. Nf3 Nc6 3. Bc4 d6 4. d3 Bg4 5. h3 Bh5 6. Bg5 f6 7. Bxg8 Rxg8 8. Bh4
g5 9. Bg3 Nd4 10. c3 Nb5 11. Qa4 Qd7 12. Nbd2 a6 13. c4 Nd4 14. Qxd7+ Kxd7 15.
Nxd4 exd4 16. Nb3 c5 17. f3 Bh6 18. Bh2 Raf8 19. Na5 f5 20. e5 dxe5 21. Nxb7 Kc6
22. Na5+ Kb6 23. Nb3 g4 24. hxg4 fxg4 25. fxg4 Bxg4 26. Rf1 Rxf1+ 27. Kxf1 Rf8+
28. Ke1 e4 29. dxe4 d3 30. Nd2 Be3 31. a3 Rf2 32. Nf1 Re2+ 33. Kd1 Rc2+ 34. Ke1
Bf2# 0-1

[Event "Challenge"]
[Site "http://www.queenalice.com/game.php?id=1847602"]
[Date "2024.11.22"]
[Round "-"]
[White "Kryptus"]
[Black "Rocio"]
[Result "0-1"]
[WhiteElo "1239"]
[BlackElo "1425"]

1. e4 e5 2. Bc4 Nf6 3. d3 Bc5 4. Nf3 h6 5. Nxe5 Rf8 6. O-O d6 7. Nxf7 Rxf7 8.
Bxf7+ Kxf7 9. Qf3 Nd7 10. d4 Bxd4 11. Nd2 Nc5 12. Re1 Bg4 13. Qg3 Qd7 14. c3 Be5
15. f4 Nh5 16. Qf2 Bxf4 17. Qh4 g6 18. h3 Be6 19. b3 Bg3 20. Rf1+ Kg7 21. Qxh5
gxh5 22. Nf3 Nxe4 23. c4 Rf8 24. Bb2+ Kg6 25. Rae1 Rxf3 26. gxf3 Nd2 27. Rf2
Bxf2+ 28. Kxf2 Bxh3 29. Rg1+ Kf7 30. Rg7+ Kf8 31. Rxd7 Bxd7 32. Ke3 Nf1+ 33. Kf4
h4 0-1

[Event "Challenge"]
[Site "http://www.queenalice.com/game.php?id=1847603"]
[Date "2024.11.22"]
[Round "-"]
[White "Kryptus"]
[Black "Winslow"]
[Result "0-1"]
[WhiteElo "1241"]
[BlackElo "1565"]

1. e4 e5 2. Bc4 Nf6 3. Nc3 Bc5 4. Nf3 O-O 5. O-O Nc6 6. d4 exd4 7. Nd5 Nxe4 8.
h4 a6 9. Bg5 Nxg5 10. Nxg5 Ne5 11. Be2 g6 12. f4 d3+ 13. Kh2 dxe2 14. Qxe2 f6
15. Nxf6+ Qxf6 16. Rad1 Nf7 17. Qc4 b6 18. Rd5 d6 19. f5 gxf5 20. Rdxf5 Qd4 21.
Rxf7 Qxc4 22. Rxf8+ Kg7 23. R8f7+ Qxf7 24. Rxf7+ Kg8 25. h5 Bd4 26. c3 Be5+ 27.
g3 h6 28. Re7 Bb7 29. Rh7 Rf8 30. Rxh6 Rf2+ 31. Kh3 Bc8+ 32. Ne6 Bxe6+ 33. Rxe6
Rxb2 34. Kg4 Rxa2 35. Kg5 Rg2 36. g4 Bxc3 37. h6 Bd2+ 38. Kh5 Kh7 39. Re7+ Kh8
40. h7 Rh2+ 41. Kg6 Rh6+ 42. Kf5 Rxh7 43. Rxh7+ Kxh7 44. g5 Bxg5 45. Ke4 a5 46.
Kd3 a4 47. Kc2 a3 48. Kb3 Bc1 49. Ka2 Bb2 50. Kb1 d5 51. Kc2 d4 0-1